| 000 | 00949nam a2200229Ia 4500 | ||
|---|---|---|---|
| 003 | OSt | ||
| 005 | 20220923220943.0 | ||
| 006 | a|||||r|||| 00| 0 | ||
| 007 | ta | ||
| 008 | 220922b |||||||| |||| 00| 0 hin d | ||
| 024 | _a192,627 | ||
| 037 | _cTextual | ||
| 040 |
_aARTS _cARTS _bhin |
||
| 041 |
_2hin _ahin |
||
| 082 | _aO152,6N12x, K4 | ||
| 100 |
_aविष्णु प्रभाकर _9156271 |
||
| 245 | 0 | _aजमना गंगा के नैहर में* जमनोत्री, गंगोत्री तथा गोमुख के प्रवास का रोचक एवं ज्ञानवर्द्धक वर्णन | |
| 246 | _aJahinā gangā ke naihar mean: jahinotrī, gangotrī tathā gomukh ke pravās kā rochak evan jnyānavarddhak varṇana | ||
| 260 | _c1964 | ||
| 942 |
_hO152,6N12x, K4 _cTEXL _2CC |
||
| 999 |
_c345216 _d345216 |
||